000 01086nam a2200253 a 4500
001 79497
003 BD-RjUL
005 20220419133711.0
008 220306s2003eng |||a|||| m||| 00| 0 eng d
035 _a(BD-RjUL)79497
040 _aBD-RjUL
_beng
_cBD-RjUL
_dBD-RjUL
041 _aeng
082 _a330.954924
_bYAC 2003
_223
100 _aYamashita, Katsuhiro
_91700
245 0 1 _aChanging Pattern of Socioeconomic Development programs in Bangladesh :
_bA Study on Tanore Upazilla in Rajshahi District /
_cBy Katsuhiro Yamashita ;
_6Supervisor : M. Zainul Abedin, Anwarul Hasan Sufi
260 _aRajshahi :
_bInstitute of Bangladesh Studies, University of Rajshahi,
_c2003
300 _a[19], 294 Leaves :
_bill. ;
_c29 cm.
502 _aThesis (Ph. D.) -- Institute of Bangladesh Studies, University of Rajshahi, 2003
504 _aBibliography : Leaves 295-299
650 _aEconomic development
_zBangladesh
_zRajshahi District
_zTanore Upazilla
_92585
700 _aAbedin, M. Zainul, Supervisor
_91323
700 _aSufi, Anwarul Hasan, jt. Supervisor
_91702
942 _2ddc
_cTHE
999 _c79497
_d79497